Statistiques concernant Culture Générale - Série 1429

Cliquez ici pour prendre le quiz!

Statistiques générales

  • Ce quiz a été pris 69 fois
  • Le résultat moyen est 6 sur 10

Statistiques - réponses

QuestionRéponse% Correct
Quel nom porte l'enchevêtrement de pièces et de couloirs construit par Dédale, pour y enfermer le Minotaure ?labyrinthe
97%
Quel jour de la semaine est considéré comme portant malheur, lorsqu'il tombe le 13 du mois ?vendredi
95%
Comment appelle-t-on les deux signes typographiques en forme d'arcs de cercle, qui ont la forme d'un oeuf si on les unit, et entre lesquels on place les mots d'une phrase qu'on veut isoler ?parenthèses
93%
De quel État d'Asie méridionale, Islamabad est-elle la capitale ?Pakistan
87%
Quelle chanteuse française a gagné le Concours Eurovision de la Chanson en 1977 avec "L'oiseau et l'enfant" ?Marie Myriam
80%
Depuis 2000, quel top-modèle slovaque est l'ambassadrice de la Croix-Rouge française ?Adriana Karembeu
67%
Que signifie le "G" du sigle : G.M.T. ?Greenwich
42%
Dans quel pays se trouve la péninsule de Hel ?Pologne
22%
Dans quel pays se trouve le lac Chilika ?Inde
17%
Dans quel pays se trouvent les monts Kopaonik ?Serbie
12%

Distribution des résultats

Percentile par nombre de réponses

% des personnes avec chaque résultat

Votre développement - résultats

Vous n’avez pas pris ce quiz